000 00638nam a2200241Ia 4500
003 OSt
005 20221005132125.0
006 a|||||r|||| 00| 0
007 ta
008 221004b |||||||| |||| 00| 0 mal d
024 _a54929
037 _cTextual
040 _aCRL
_cCRL
_bmal
041 _2mal
_amal
082 _aO32,1N094,3, K6
100 _aNair P. Kunhiraman Au.
_9634250
245 0 _aThamarathoni
260 _c1966
650 _a MALAYALAM POETRY
_9185636
650 _aMALAYALAM LITERATURE
_938866
942 _hO32,1N094,3, K6
_cTEXL
_2cc
999 _c1062500
_d1062500